000 01063nas a2200349 4500
001 BR2011008272
003 BR-BrBNA
005 20231205115855.0
007 ta
008 230509b bl.|||p| |||| 00| 00por d
040 _aBR-BrBNA
_bpor
_cBiblioteca Nacional de Agricultura
041 _a(Pt)
072 _aL74
100 1 _aFreitas, L.V.R.P. de
100 1 _aHünning, P.S.
100 1 _aAlbuquerque, L. de
100 1 _aBercht, B.S.
100 1 _aSilva, A.A.R.
100 1 _aPigatto, J.A.T.
245 1 _aÚlcera indolente de córnea em cães e gatos - Revisão de literatura
246 1 _aCorneal indolent ulcer in dogs and cats - a review
650 _aCÃO
650 _aGATO
650 _aOLHO
650 _aLESÃO
650 _aÚLCERA
650 _a
650 _a
773 0 _tMEDVEP. Revista Científica de Medicina Veterinária. Pequenos Animais e Animais de Estimação (Brazil)
_xISSN 1678-1430
_g(Oct-Dec 2010), v. 8(27) p. 632-637
_wBR2011008272
909 _a202311
_bLúcia
_c55
_dLúcia Elande
942 _2AGRIS
_n0
_cANA
999 _c216110
_d216110